Thermodynamics (Record no. 8344)

000 -LEADER
fixed length control field 00603nam a2200217 i 4500
001 - CONTROL NUMBER
control field 8344
003 - CONTROL NUMBER IDENTIFIER
control field BD-DhUET
008 - FIXED-LENGTH DATA ELEMENTS--GENERAL INFORMATION
fixed length control field 770308s1978 nyua b 001 0 eng
020 ## - INTERNATIONAL STANDARD BOOK NUMBER
International Standard Book Number 0023355301
040 ## - CATALOGING SOURCE
Original cataloging agency DLC
Transcribing agency DLC
Modifying agency BD-DhUET
082 ## - DEWEY DECIMAL CLASSIFICATION NUMBER
Classification number 621.01
Item number FAI/1970
100 ## - MAIN ENTRY--PERSONAL NAME
Personal name Faires, Virgil Moring
245 10 - TITLE STATEMENT
Title Thermodynamics
Statement of responsibility, etc. by Virgil Moring Faires and Clifford Max Simmang
250 ## - EDITION STATEMENT
Edition statement 6th ed.
260 ## - PUBLICATION, DISTRIBUTION, ETC. (IMPRINT)
Place of publication, distribution, etc. New York
Name of publisher, distributor, etc. Macmillan
Date of publication, distribution, etc. 1970
300 ## - PHYSICAL DESCRIPTION
Extent xxiii, 647 p.
Other physical details ill.
Dimensions 26 cm.
504 ## - BIBLIOGRAPHY, ETC. NOTE
Bibliography, etc Includes bibliographies
650 #0 - SUBJECT ADDED ENTRY--TOPICAL TERM
Topical term or geographic name as entry element Thermodynamics
700 ## - ADDED ENTRY--PERSONAL NAME
Personal name Simmang, Clifford Max
942 ## - ADDED ENTRY ELEMENTS (KOHA)
Koha item type General Book
Holdings
Price effective from Koha date last seen Koha normalized classification for sorting Koha item type Piece designation (barcode) Location (home branch) Koha full call number Source of classification or shelving scheme Lost status Withdrawn status Not for loan Damaged status Shelving location Sublocation or collection (holding branch) Date acquired Copy number
2015-01-202015-01-20621_010000000000000_FAI_1978General Book42943Central Library, BUET621.01/FAI/1978     Circulation sectionCentral Library, BUET2015-01-201
2024-12-112024-12-11621_010000000000000_FAI_1970Rental Item63135Central Library, BUET621.01 FAI/1970     Rental sectionCentral Library, BUET1985-06-11৬/ক-১
2024-12-112024-12-11621_010000000000000_FAI_1970Rental Item63136Central Library, BUET621.01 FAI/1970     Rental sectionCentral Library, BUET1985-06-11৬/ক-২
2024-12-112024-12-11621_010000000000000_FAI_1970Rental Item63137Central Library, BUET621.01 FAI/1970     Rental sectionCentral Library, BUET1985-06-11৬/ক-৩
2024-12-112024-12-11621_010000000000000_FAI_1970Rental Item63138Central Library, BUET621.01 FAI/1970     Rental sectionCentral Library, BUET1985-06-11৬/ক-৪
2024-12-112024-12-11621_010000000000000_FAI_1970Rental Item63139Central Library, BUET621.01 FAI/1970     Rental sectionCentral Library, BUET1985-06-11৬/ক-৫
2024-12-112024-12-11621_010000000000000_FAI_1970Rental Item63140Central Library, BUET621.01 FAI/1970     Rental sectionCentral Library, BUET1985-06-11৬/ক-৬
2024-12-112024-12-11621_010000000000000_FAI_1970Rental Item63141Central Library, BUET621.01 FAI/1970     Rental sectionCentral Library, BUET1985-06-11৬/ক-৭
2024-12-112024-12-11621_010000000000000_FAI_1970Rental Item63142Central Library, BUET621.01 FAI/1970     Rental sectionCentral Library, BUET1985-06-11৬/ক-৮
2024-12-112024-12-11621_010000000000000_FAI_1970Rental Item63143Central Library, BUET621.01 FAI/1970     Rental sectionCentral Library, BUET1985-06-11৬/ক-৯
2024-12-112024-12-11621_010000000000000_FAI_1970Rental Item63144Central Library, BUET621.01 FAI/1970     Rental sectionCentral Library, BUET1985-06-11৬/ক-১০
2024-12-112024-12-11621_010000000000000_FAI_1970Rental Item63145Central Library, BUET621.01 FAI/1970     Rental sectionCentral Library, BUET1985-06-11৬/ক-১১
2024-12-112024-12-11621_010000000000000_FAI_1970Rental Item63146Central Library, BUET621.01 FAI/1970     Rental sectionCentral Library, BUET1985-06-11৬/ক-১২
2024-12-112024-12-11621_010000000000000_FAI_1970Rental Item63147Central Library, BUET621.01 FAI/1970     Rental sectionCentral Library, BUET1985-06-11৬/ক-১৩
2024-12-112024-12-11621_010000000000000_FAI_1970Rental Item63148Central Library, BUET621.01 FAI/1970     Rental sectionCentral Library, BUET1985-06-11৬/ক-১৪
2024-12-112024-12-11621_010000000000000_FAI_1970Rental Item63149Central Library, BUET621.01 FAI/1970     Rental sectionCentral Library, BUET1985-06-11৬/ক-১৫
2024-12-112024-12-11621_010000000000000_FAI_1970Rental Item63150Central Library, BUET621.01 FAI/1970     Rental sectionCentral Library, BUET1985-06-11৬/ক-১৬
2024-12-112024-12-11621_010000000000000_FAI_1970Rental Item63151Central Library, BUET621.01 FAI/1970     Rental sectionCentral Library, BUET1985-06-11৬/ক-১৭
2024-12-112024-12-11621_010000000000000_FAI_1970Rental Item63152Central Library, BUET621.01 FAI/1970     Rental sectionCentral Library, BUET1985-06-11৬/ক-১৮
2024-12-112024-12-11621_010000000000000_FAI_1970Rental Item63153Central Library, BUET621.01 FAI/1970     Rental sectionCentral Library, BUET1985-06-11৬/ক-১৯
2024-12-112024-12-11621_010000000000000_FAI_1970Rental Item63154Central Library, BUET621.01 FAI/1970     Rental sectionCentral Library, BUET1985-06-11৬/ক-২০